000 00506nam a2200181Ia 4500
003 LDD
008 190117s9999 xx 000 0 und d
020 _a9788170168447
_c₹300
040 _cLDD
041 _ahi
082 _a8H3.7 या4668अ
100 _aयादव, उषा
245 0 _aअमावस की रात
_cउषा यादव
260 _aदिल्ली
_bकिताब घर
_c2007
300 _a270पृ.
904 _aReqst by : J.M. Parekh
942 _2ddc
_cH
999 _c167675
_d167675